000 01368cab a2200373 4500
001 ABS44687
008 090401t1990 xxu||||| |||| 00| 0 eng d
035 _a(Sirsi) u48502
041 _aeng
100 _aSmith, Peter F.
245 _aRedevelopment and landlords own occupation
260 _c1990
350 _a0
490 _aRent Review & Lease Renewal
_v10(4) 1990, 353-362
520 _aExamines three ways under Landlord and Tenant Act 1954 s30 by which a landlord can oppose a new tenancy on the grounds of his intention to redevelop the holding or to occupy the premises himself. Discusses recent case law . References.
650 _aBARTH V PRITCHARD
650 _aBLACKBURN V HUSSAIN
650 _aBUSINESS TENANCIES
650 _aCAPOCCI V GOBLE
650 _aCEREX JEWELS LTD V PEACHEY PROPERTY CORPORATION PLC
650 _aEDWARDS V THOMPSON
650 _aLEASE RENEWAL
650 _aLEVY AND SON LTD V MARTIN BRENT DEVELOPMENTS LTD
650 _aLONDON HILTON JEWELLERS LTD V HILTON INTERNATIONAL HOTELS LTD
650 _aMAYER V REDDICK
650 _aMORAR V CHAUHAN
650 _aOPPOSITION
650 _aOWNER-OCCUPATION
650 _aREDEVELOPMENT
650 _aROMULUS TRADING CO LTD V TRUSTEES OF HENRY SMITHS CHARITY
690 _aLANDLORD AND TENANT-BUSINESS TENANCIES
942 _n0
948 _c04/03/1997
999 _c30469
_d30469